000 00295nam a22001337a 4500
008 170721b xxu||||| |||| 00| 0 eng d
020 _a9780240517025
041 _aeng
080 _a004
100 _a29
101 _aSHKI
245 _aHOW TO CHEAT IN PHOTOSHOP
_cCAPLIN, S
942 _2udc
_cBK
999 _c21764
_d21764